Skót gyarmatosítás Írországban

Elmentve itt :
Bibliográfiai részletek
Szerző: Biró Teofil
Dokumentumtípus: Cikk
Megjelent: Belvedere Meridionale Szeged 2005
Sorozat:Belvedere Meridionale 17 No. 3-4
Kulcsszavak:Írország története - skót - 17. sz.
Tárgyszavak:
Online Access:http://acta.bibl.u-szeged.hu/5001
LEADER 00718nab a2200193 i 4500
001 acta5001
005 20250728145517.0
008 161015s2005 hu o 000 hun d
040 |a SZTE Egyetemi Kiadványok Repozitórium  |b hun 
041 |a hun 
100 1 |a Biró Teofil 
245 1 0 |a Skót gyarmatosítás Írországban  |h [elektronikus dokumentum] /  |c  Biró Teofil 
260 |a Belvedere Meridionale  |b Szeged  |c 2005 
300 |a 110-121 
490 0 |a Belvedere Meridionale  |v 17 No. 3-4 
650 4 |a Bölcsészettudományok 
650 4 |a Történettudomány és régészet 
695 |a Írország története - skót - 17. sz. 
856 4 0 |u http://acta.bibl.u-szeged.hu/5001/1/belvedere_2005_003_004_110-121.pdf  |z Dokumentum-elérés